[Event "EYCC 2024 - O14"]
[Site "?"]
[Date "2024.08.22"]
[Round "1.1"]
[White "Finek, Vaclav"]
[Black "Manyevich, Rom"]
[Result "1-0"]
[BlackElo "1942"]
[WhiteElo "2467"]
[LiveChessVersion "1.4.8"]

1. d4 {[%clk 1:30:56]} Nf6 {[%clk 1:30:50]} 2. c4 {[%clk 1:31:19]} e6
{[%clk 1:31:07]} 3. Nf3 {[%clk 1:31:25]} b6 {[%clk 1:30:53]} 4. g3
{[%clk 1:31:42]} Ba6 {[%clk 1:31:11]} 5. b3 {[%clk 1:28:45]} Bb4+
{[%clk 1:31:17]} 6. Bd2 {[%clk 1:28:37]} Be7 {[%clk 1:31:21]} 7. Bg2
{[%clk 1:28:55]} Bb7 {[%clk 1:30:52]} 8. O-O {[%clk 1:28:44]} O-O
{[%clk 1:30:52]} 9. Nc3 {[%clk 1:25:15]} d5 {[%clk 1:30:09]} 10. cxd5
{[%clk 1:22:50]} exd5 {[%clk 1:29:45]} 11. Bf4 {[%clk 1:22:13]} a6
{[%clk 1:27:52]} 12. Rc1 {[%clk 1:21:22]} Nbd7 {[%clk 1:26:25]} 13. Nh4
{[%clk 1:08:41]} g6 {[%clk 1:10:23]} 14. Bxc7 {[%clk 1:02:58]} Qe8
{[%clk 1:01:38]} 15. Bf4 {[%clk 0:58:19]} Ba3 {[%clk 0:59:37]} 16. Rc2
{[%clk 0:57:18]} Qe6 {[%clk 0:55:28]} 17. Nf3 {[%clk 0:56:48]} Rac8
{[%clk 0:52:47]} 18. Qd3 {[%clk 0:50:43]} Rfe8 {[%clk 0:45:17]} 19. Bc1
{[%clk 0:41:28]} Bb4 {[%clk 0:41:55]} 20. Bb2 {[%clk 0:39:22]} Ne4
{[%clk 0:38:04]} 21. e3 {[%clk 0:27:57]} Ndf6 {[%clk 0:27:26]} 22. Ne2
{[%clk 0:23:49]} Rxc2 {[%clk 0:19:25]} 23. Qxc2 {[%clk 0:24:01]} Rc8
{[%clk 0:19:37]} 24. Qd3 {[%clk 0:21:31]} g5 {[%clk 0:16:19]} 25. Ne5
{[%clk 0:21:03]} Nd7 {[%clk 0:10:45]} 26. f3 {[%clk 0:16:49]} Nef6
{[%clk 0:05:27]} 27. Nxd7 {[%clk 0:13:28]} Qxd7 {[%clk 0:04:57]} 28. e4
{[%clk 0:09:41]} Bc6 {[%clk 0:04:20]} 29. Qe3 {[%clk 0:09:08]} h6
{[%clk 0:04:08]} 30. a3 {[%clk 0:08:28]} Bf8 {[%clk 0:04:09]} 31. e5
{[%clk 0:08:50]} Qe8 {[%clk 0:03:02]} 32. Nc3 {[%clk 0:08:19]} Bg7
{[%clk 0:02:02]} 33. Qd3 {[%clk 0:08:18]} Nd7 {[%clk 0:01:53]} 34. f4
{[%clk 0:08:43]} Qe6 {[%clk 0:01:01]} 35. f5 {[%clk 0:08:59]} Nxe5
{[%clk 0:00:58]} 36. dxe5 {[%clk 0:08:03]} Qxe5 {[%clk 0:01:21]} 37. Nxd5
{[%clk 0:04:19]} Qxb2 {[%clk 0:01:13]} 38. Ne7+ {[%clk 0:04:45]} Kh8
{[%clk 0:01:09]} 39. Nxc6 {[%clk 0:05:09]} 1-0

[Event "EYCC 2024 - O14"]
[Site "?"]
[Date "2024.08.22"]
[Round "1.2"]
[White "Makrylakis, Iason"]
[Black "Sowinski, Pawel"]
[Result "0-1"]
[BlackElo "2463"]
[WhiteElo "1941"]
[LiveChessVersion "1.4.8"]

1. e4 {[%clk 1:30:57]} c6 {[%clk 1:30:52]} 2. d4 {[%clk 1:31:23]} d5
{[%clk 1:31:18]} 3. Nc3 {[%clk 1:31:41]} dxe4 {[%clk 1:29:46]} 4. Nxe4
{[%clk 1:32:03]} Nf6 {[%clk 1:30:14]} 5. Nxf6+ {[%clk 1:32:24]} exf6
{[%clk 1:30:40]} 6. c3 {[%clk 1:32:46]} Bd6 {[%clk 1:31:06]} 7. Bd3
{[%clk 1:33:11]} O-O {[%clk 1:31:30]} 8. Ne2 {[%clk 1:33:38]} Re8
{[%clk 1:31:57]} 9. O-O {[%clk 1:34:02]} Nd7 {[%clk 1:32:23]} 10. Bf4
{[%clk 1:33:39]} Nf8 {[%clk 1:32:21]} 11. Bxd6 {[%clk 1:33:58]} Qxd6
{[%clk 1:32:49]} 12. Ng3 {[%clk 1:33:56]} Be6 {[%clk 1:27:24]} 13. Ne4
{[%clk 1:20:22]} Qc7 {[%clk 1:18:52]} 14. Qd2 {[%clk 1:10:37]} b6
{[%clk 1:13:05]} 15. Qe3 {[%clk 0:54:28]} f5 {[%clk 1:05:09]} 16. Qg3
{[%clk 0:54:48]} Qxg3 {[%clk 0:59:55]} 17. Nxg3 {[%clk 0:55:12]} g6
{[%clk 1:00:12]} 18. Ne2 {[%clk 0:41:27]} Red8 {[%clk 0:48:58]} 19. Rfd1
{[%clk 0:32:20]} a5 {[%clk 0:43:12]} 20. b3 {[%clk 0:24:03]} Kg7 {[%clk 0:41:27]}
21. c4 {[%clk 0:23:49]} Kf6 {[%clk 0:38:58]} 22. Bc2 {[%clk 0:23:34]} Ra7
{[%clk 0:32:26]} 23. a4 {[%clk 0:19:47]} h6 {[%clk 0:25:19]} 24. Rd2
{[%clk 0:19:23]} Rad7 {[%clk 0:21:17]} 25. Rad1 {[%clk 0:18:30]} g5
{[%clk 0:20:57]} 26. Nc3 {[%clk 0:08:07]} Ng6 {[%clk 0:20:45]} 27. f3
{[%clk 0:03:09]} h5 {[%clk 0:18:56]} 28. Kf2 {[%clk 0:02:22]} Rd6
{[%clk 0:15:07]} 29. g3 {[%clk 0:01:47]} Kg7 {[%clk 0:08:49]} 30. Rd3
{[%clk 0:00:45]} h4 {[%clk 0:06:35]} 31. Bb1 {[%clk 0:00:47]} Rh8
{[%clk 0:05:30]} 32. Kg2 {[%clk 0:00:43]} Rdd8 {[%clk 0:04:47]} 33. d5
{[%clk 0:01:02]} cxd5 {[%clk 0:05:15]} 34. Nxd5 {[%clk 0:01:16]} Ne5
{[%clk 0:03:02]} 35. R3d2 {[%clk 0:00:51]} g4 {[%clk 0:02:26]} 36. fxg4
{[%clk 0:00:37]} Nxg4 {[%clk 0:02:54]} 37. Kf3 {[%clk 0:00:40]} Ne5+
{[%clk 0:00:56]} 38. Kf4 {[%clk 0:00:49]} Ng6+ {[%clk 0:01:12]} 39. Kf3
{[%clk 0:01:16]} hxg3 {[%clk 0:01:32]} 40. hxg3 {[%clk 0:01:36]} Rh3
{[%clk 0:01:18]} 41. Nxb6 {[%clk 0:00:42]} Rdh8 {[%clk 0:01:11]} 42. Nd5
{[%clk 0:00:40]} Ne5+ {[%clk 0:00:55]} 43. Kf4 {[%clk 0:01:02]} Ng6+
{[%clk 0:01:00]} 44. Kf3 {[%clk 0:01:31]} f6 {[%clk 0:01:15]} 45. Nf4
{[%clk 0:01:12]} Ne5+ {[%clk 0:01:05]} 46. Kf2 {[%clk 0:00:56]} Rh2+
{[%clk 0:01:29]} 47. Ke3 {[%clk 0:01:18]} Ng4+ {[%clk 0:01:31]} 48. Kf3
{[%clk 0:00:44]} Bc8 {[%clk 0:01:50]} 49. Rxh2 Rxh2 {[%clk 0:02:18]} 50. Nd3
{[%clk 0:00:36]} Kg6 {[%clk 0:01:46]} 51. Kf4 {[%clk 0:00:49]} Re2
{[%clk 0:01:48]} 52. Re1 {[%clk 0:00:53]} Rd2 {[%clk 0:02:06]} 53. Re8
{[%clk 0:00:38]} Bb7 {[%clk 0:02:36]} 54. Rg8+ {[%clk 0:00:42]} Kf7
{[%clk 0:03:05]} 55. Rd8 {[%clk 0:00:37]} Be4 {[%clk 0:03:24]} 56. c5
{[%clk 0:00:33]} Rd1 {[%clk 0:03:41]} 57. Bc2 {[%clk 0:00:33]} Rf1+
{[%clk 0:04:06]} 0-1

[Event "EYCC 2024 - O14"]
[Site "?"]
[Date "2024.08.22"]
[Round "1.3"]
[White "Dotzer, Lukas"]
[Black "Afek, Itay"]
[Result "1-0"]
[BlackElo "1940"]
[WhiteElo "2391"]
[LiveChessVersion "1.4.8"]

1. e4 {[%clk 1:30:57]} c6 {[%clk 1:30:54]} 2. Nc3 {[%clk 1:31:22]} d5
{[%clk 1:31:13]} 3. Nf3 {[%clk 1:31:47]} dxe4 {[%clk 1:31:35]} 4. Nxe4
{[%clk 1:32:11]} Nf6 {[%clk 1:31:47]} 5. Qe2 {[%clk 1:32:35]} Nxe4
{[%clk 1:32:03]} 6. Qxe4 {[%clk 1:33:00]} Nd7 {[%clk 1:32:18]} 7. d4
{[%clk 1:33:23]} Nf6 {[%clk 1:32:41]} 8. Qd3 {[%clk 1:33:48]} Bg4
{[%clk 1:32:04]} 9. Ne5 {[%clk 1:34:03]} Bh5 {[%clk 1:31:37]} 10. c3
{[%clk 1:34:24]} e6 {[%clk 1:31:42]} 11. Qh3 {[%clk 1:34:40]} Qd5
{[%clk 1:23:58]} 12. Bd3 {[%clk 1:23:45]} Bd6 {[%clk 1:20:33]} 13. Nc4
{[%clk 1:09:14]} O-O {[%clk 1:03:58]} 14. Nxd6 {[%clk 1:06:02]} Qxd6
{[%clk 1:04:26]} 15. O-O {[%clk 0:56:24]} Bg6 {[%clk 1:03:40]} 16. Be2
{[%clk 0:52:56]} Rfe8 {[%clk 1:00:59]} 17. Be3 {[%clk 0:44:18]} Nd5
{[%clk 0:59:19]} 18. Bc4 {[%clk 0:33:15]} Nxe3 {[%clk 0:58:24]} 19. fxe3
{[%clk 0:32:59]} e5 {[%clk 0:53:22]} 20. Rf2 {[%clk 0:26:13]} Re7
{[%clk 0:52:15]} 21. Raf1 {[%clk 0:24:18]} Rae8 {[%clk 0:49:55]} 22. Qg3
{[%clk 0:21:15]} Qd7 {[%clk 0:46:59]} 23. h4 {[%clk 0:18:36]} exd4
{[%clk 0:46:27]} 24. exd4 {[%clk 0:17:44]} Kh8 {[%clk 0:40:28]} 25. Qg5
{[%clk 0:09:22]} h6 {[%clk 0:38:38]} 26. Qxg6 {[%clk 0:07:12]} fxg6
{[%clk 0:38:52]} 27. Rf8+ {[%clk 0:07:37]} Rxf8 {[%clk 0:38:41]} 28. Rxf8+
{[%clk 0:07:59]} Kh7 {[%clk 0:39:05]} 29. Bg8+ {[%clk 0:08:24]} Kh8
{[%clk 0:39:21]} 30. Bf7+ {[%clk 0:08:44]} Kh7 {[%clk 0:39:35]} 31. Bg8+
{[%clk 0:09:11]} Kh8 {[%clk 0:39:48]} 32. Be6+ {[%clk 0:09:37]} Kh7
{[%clk 0:40:10]} 33. Bxd7 {[%clk 0:10:02]} Rxd7 {[%clk 0:40:07]} 34. g4
{[%clk 0:07:18]} c5 {[%clk 0:37:05]} 35. dxc5 {[%clk 0:04:48]} Rd1+
{[%clk 0:36:26]} 36. Kg2 {[%clk 0:04:28]} Rd2+ {[%clk 0:36:45]} 37. Rf2
{[%clk 0:04:49]} Rd5 {[%clk 0:36:41]} 38. Rf7 {[%clk 0:03:36]} Rd2+
{[%clk 0:36:59]} 39. Rf2 {[%clk 0:03:59]} Rd5 {[%clk 0:37:26]} 40. b4
{[%clk 0:04:19]} a5 {[%clk 0:37:09]} 41. a3 {[%clk 0:01:11]} Rd3 {[%clk 0:36:45]}
42. Rf3 {[%clk 0:00:47]} Rd2+ {[%clk 0:36:50]} 43. Rf2 {[%clk 0:01:05]} Rd3
{[%clk 0:37:14]} 44. Rf7 {[%clk 0:01:06]} Rxc3 {[%clk 0:36:39]} 45. Rxb7
{[%clk 0:01:30]} Rxa3 {[%clk 0:36:43]} 46. b5 {[%clk 0:01:51]} Rc3
{[%clk 0:36:31]} 47. c6 {[%clk 0:02:01]} a4 {[%clk 0:36:08]} 48. Ra7
{[%clk 0:02:09]} a3 {[%clk 0:35:40]} 49. c7 {[%clk 0:02:27]} a2 {[%clk 0:35:18]}
50. b6 {[%clk 0:02:47]} h5 {[%clk 0:34:46]} 51. Rxa2 {[%clk 0:02:50]} 1-0

[Event "EYCC 2024 - O14"]
[Site "?"]
[Date "2024.08.22"]
[Round "1.4"]
[White "Ahn, Maximilian"]
[Black "Ilinca, Felix-Antonio"]
[Result "0-1"]
[BlackElo "2386"]
[WhiteElo "1934"]
[LiveChessVersion "1.4.8"]

1. e4 {[%clk 1:30:50]} c5 {[%clk 1:30:41]} 2. Nc3 {[%clk 1:31:09]} Nc6
{[%clk 1:30:49]} 3. Bb5 {[%clk 1:31:20]} Nd4 {[%clk 1:30:36]} 4. Nf3
{[%clk 1:31:25]} Nxb5 {[%clk 1:30:39]} 5. Nxb5 {[%clk 1:31:34]} d6
{[%clk 1:30:52]} 6. d4 {[%clk 1:31:21]} Nf6 {[%clk 1:31:02]} 7. Qd3
{[%clk 1:29:28]} a6 {[%clk 1:27:58]} 8. Nc3 {[%clk 1:29:44]} cxd4
{[%clk 1:27:39]} 9. Nxd4 {[%clk 1:24:40]} e6 {[%clk 1:22:12]} 10. O-O
{[%clk 1:15:48]} b5 {[%clk 1:11:18]} 11. a3 {[%clk 1:08:17]} Bb7 {[%clk 1:09:35]}
12. Re1 {[%clk 0:56:24]} Rc8 {[%clk 1:03:32]} 13. Nb3 {[%clk 0:51:45]} Be7
{[%clk 0:54:00]} 14. Bf4 {[%clk 0:49:29]} h6 {[%clk 0:47:54]} 15. Rad1
{[%clk 0:45:48]} e5 {[%clk 0:46:47]} 16. Be3 {[%clk 0:41:03]} O-O
{[%clk 0:44:09]} 17. h3 {[%clk 0:39:40]} Qc7 {[%clk 0:39:06]} 18. Re2
{[%clk 0:32:50]} d5 {[%clk 0:24:03]} 19. Nxd5 {[%clk 0:28:17]} Nxd5
{[%clk 0:24:11]} 20. exd5 {[%clk 0:28:27]} Bxd5 {[%clk 0:18:10]} 21. Red2
{[%clk 0:15:22]} Rfd8 {[%clk 0:11:49]} 22. Qe2 {[%clk 0:12:34]} Qc6
{[%clk 0:10:36]} 23. Na5 {[%clk 0:09:40]} Qe6 {[%clk 0:10:04]} 24. Qg4
{[%clk 0:08:04]} f5 {[%clk 0:08:59]} 25. Qh5 {[%clk 0:06:05]} Be4
{[%clk 0:06:12]} 26. Rxd8+ {[%clk 0:05:08]} Bxd8 {[%clk 0:06:19]} 27. Nb3
{[%clk 0:04:16]} Bxc2 {[%clk 0:05:58]} 28. Nc5 {[%clk 0:01:05]} Bxd1
{[%clk 0:06:17]} 29. Qxd1 {[%clk 0:01:26]} Qf7 {[%clk 0:04:45]} 30. f4
{[%clk 0:00:38]} exf4 {[%clk 0:04:16]} 31. Bxf4 {[%clk 0:00:46]} Bb6
{[%clk 0:04:30]} 32. b4 {[%clk 0:01:01]} Bxc5+ {[%clk 0:04:51]} 33. bxc5
{[%clk 0:01:28]} Rxc5 {[%clk 0:05:12]} 34. Qd6 {[%clk 0:01:12]} Qd5
{[%clk 0:05:03]} 35. Qb8+ {[%clk 0:01:15]} Kh7 {[%clk 0:05:17]} 36. Kh2
{[%clk 0:01:28]} Rc2 {[%clk 0:05:39]} 0-1

[Event "EYCC 2024 - O14"]
[Site "?"]
[Date "2024.08.22"]
[Round "1.5"]
[White "Cieslak, Patryk"]
[Black "Lukhi, Neev"]
[Result "1-0"]
[BlackElo "1934"]
[WhiteElo "2374"]
[LiveChessVersion "1.4.8"]

1. e4 {[%clk 1:30:58]} e6 {[%clk 1:30:53]} 2. d4 {[%clk 1:31:16]} d5
{[%clk 1:31:16]} 3. Nc3 {[%clk 1:31:42]} Bb4 {[%clk 1:31:07]} 4. e5
{[%clk 1:31:03]} c5 {[%clk 1:31:25]} 5. a3 {[%clk 1:29:07]} Bxc3+
{[%clk 1:31:22]} 6. bxc3 {[%clk 1:29:34]} Ne7 {[%clk 1:31:27]} 7. Qg4
{[%clk 1:25:28]} Qc7 {[%clk 1:29:47]} 8. Bd3 {[%clk 1:21:42]} cxd4
{[%clk 1:21:18]} 9. Ne2 {[%clk 1:21:09]} dxc3 {[%clk 1:01:04]} 10. Qxg7
{[%clk 1:16:41]} Rg8 {[%clk 1:00:36]} 11. Qxh7 {[%clk 1:15:03]} Qxe5
{[%clk 0:51:53]} 12. Bf4 {[%clk 1:10:03]} Qf6 {[%clk 0:40:25]} 13. h4
{[%clk 0:41:29]} Rxg2 {[%clk 0:22:06]} 14. Kf1 {[%clk 0:39:10]} Rg4
{[%clk 0:13:56]} 15. Bg5 {[%clk 0:35:38]} Qf3 {[%clk 0:10:05]} 16. Rh2
{[%clk 0:35:16]} Rxg5 {[%clk 0:01:58]} 17. hxg5 {[%clk 0:34:39]} Nbc6
{[%clk 0:02:20]} 18. Rh3 {[%clk 0:32:05]} Qg4 {[%clk 0:01:50]} 19. Rg3
{[%clk 0:28:39]} Qa4 {[%clk 0:02:15]} 20. Rf3 {[%clk 0:28:34]} Nf5
{[%clk 0:01:42]} 21. Bxf5 {[%clk 0:27:55]} exf5 {[%clk 0:01:58]} 22. Qg8+
{[%clk 0:27:40]} Ke7 {[%clk 0:01:54]} 23. Re3+ {[%clk 0:27:24]} Kd6
{[%clk 0:01:20]} 24. Qxf7 {[%clk 0:24:13]} Qxc2 {[%clk 0:01:36]} 25. Nf4
{[%clk 0:23:18]} Qb2 {[%clk 0:01:35]} 26. Re6+ {[%clk 0:22:22]} Bxe6
{[%clk 0:01:56]} 27. Qxe6+ {[%clk 0:22:49]} Kc7 {[%clk 0:01:17]} 28. Nxd5+
{[%clk 0:23:15]} Kd8 {[%clk 0:01:33]} 29. Qd6+ {[%clk 0:23:41]} Ke8
{[%clk 0:01:42]} 30. Re1+ {[%clk 0:24:07]} Kf7 {[%clk 0:01:53]} 31. Re7+
{[%clk 0:24:26]} Nxe7 {[%clk 0:01:38]} 32. Qf6+ {[%clk 0:24:43]} 1-0

[Event "EYCC 2024 - O14"]
[Site "?"]
[Date "2024.08.22"]
[Round "1.6"]
[White "Soucek, Andrej"]
[Black "Brzezina, Piotr"]
[Result "0-1"]
[BlackElo "2341"]
[WhiteElo "1929"]
[LiveChessVersion "1.4.8"]

1. d4 {[%clk 1:30:55]} Nf6 {[%clk 1:29:30]} 2. Bg5 {[%clk 1:31:07]} d5
{[%clk 1:29:51]} 3. e3 {[%clk 1:31:02]} c5 {[%clk 1:29:44]} 4. Bxf6
{[%clk 1:31:00]} gxf6 {[%clk 1:30:05]} 5. dxc5 {[%clk 1:30:15]} Nc6
{[%clk 1:29:51]} 6. a3 {[%clk 1:26:27]} e6 {[%clk 1:29:51]} 7. b4
{[%clk 1:23:39]} a5 {[%clk 1:29:24]} 8. Nd2 {[%clk 1:19:22]} axb4
{[%clk 1:29:32]} 9. axb4 {[%clk 1:19:45]} Rxa1 {[%clk 1:29:55]} 10. Qxa1
{[%clk 1:20:10]} Nxb4 {[%clk 1:30:10]} 11. Qa4+ {[%clk 1:14:53]} Nc6
{[%clk 1:30:10]} 12. Bb5 {[%clk 1:13:35]} Bd7 {[%clk 1:29:09]} 13. Nb3
{[%clk 1:11:37]} Bg7 {[%clk 1:26:41]} 14. Ne2 {[%clk 1:00:12]} O-O
{[%clk 1:25:47]} 15. O-O {[%clk 0:56:58]} f5 {[%clk 1:24:58]} 16. Ng3
{[%clk 0:33:08]} Qe7 {[%clk 0:56:34]} 17. Rd1 {[%clk 0:25:00]} Rc8
{[%clk 0:50:15]} 18. Nh5 {[%clk 0:14:24]} Be5 {[%clk 0:48:48]} 19. c4
{[%clk 0:09:49]} Bxh2+ {[%clk 0:42:17]} 20. Kxh2 {[%clk 0:08:43]} Qh4+
{[%clk 0:42:44]} 21. Kg1 {[%clk 0:09:04]} Qxh5 {[%clk 0:43:07]} 22. Nd4
{[%clk 0:06:56]} dxc4 {[%clk 0:32:54]} 23. Nxf5 {[%clk 0:03:53]} Qxf5
{[%clk 0:32:41]} 24. Rxd7 {[%clk 0:04:21]} Qxc5 {[%clk 0:31:37]} 25. Rxb7
{[%clk 0:01:51]} Ne5 {[%clk 0:31:12]} 26. Bd7 {[%clk 0:00:55]} c3
{[%clk 0:28:22]} 27. Qc2 {[%clk 0:00:40]} Rd8 {[%clk 0:27:18]} 28. Bxe6
{[%clk 0:00:41]} Qc6 {[%clk 0:20:34]} 29. Qf5 {[%clk 0:00:37]} Rd1+
{[%clk 0:20:33]} 30. Kh2 {[%clk 0:00:57]} Qxb7 {[%clk 0:19:00]} 31. Qxe5
{[%clk 0:01:18]} c2 {[%clk 0:17:52]} 32. Bc4 {[%clk 0:00:33]} c1=Q
{[%clk 0:14:33]} 33. Qe8+ {[%clk 0:01:00]} Kg7 {[%clk 0:14:54]} 34. Qe5+
{[%clk 0:01:28]} Kf8 {[%clk 0:14:35]} 35. Qc5+ {[%clk 0:00:36]} Ke8
{[%clk 0:14:26]} 36. Qe5+ {[%clk 0:00:32]} Kd8 {[%clk 0:14:41]} 37. Qh8+
{[%clk 0:00:36]} Kd7 {[%clk 0:15:01]} 0-1

[Event "EYCC 2024 - O14"]
[Site "?"]
[Date "2024.08.22"]
[Round "1.7"]
[White "Marin Ferragut, Pau"]
[Black "Dijokas, Jokubas"]
[Result "1-0"]
[BlackElo "1927"]
[WhiteElo "2338"]
[LiveChessVersion "1.4.8"]

1. c4 {[%clk 1:30:50]} e6 {[%clk 1:30:54]} 2. Nf3 {[%clk 1:31:01]} d5
{[%clk 1:31:13]} 3. g3 {[%clk 1:31:26]} Nf6 {[%clk 1:30:39]} 4. Bg2
{[%clk 1:31:17]} c5 {[%clk 1:29:46]} 5. O-O {[%clk 1:31:41]} Nc6 {[%clk 1:29:29]}
6. cxd5 {[%clk 1:32:04]} exd5 {[%clk 1:29:37]} 7. d4 {[%clk 1:32:28]} Be7
{[%clk 1:29:09]} 8. dxc5 {[%clk 1:31:39]} Bxc5 {[%clk 1:27:54]} 9. a3
{[%clk 1:31:59]} a6 {[%clk 1:21:22]} 10. b4 {[%clk 1:31:17]} Ba7 {[%clk 1:20:47]}
11. Bb2 {[%clk 1:28:01]} O-O {[%clk 1:18:15]} 12. Nc3 {[%clk 1:24:34]} h6
{[%clk 1:14:16]} 13. Rc1 {[%clk 1:21:21]} Be6 {[%clk 1:13:41]} 14. Na4
{[%clk 1:14:01]} Rc8 {[%clk 1:01:46]} 15. Nc5 {[%clk 1:11:48]} Bxc5
{[%clk 0:58:31]} 16. Rxc5 {[%clk 1:10:51]} Ne4 {[%clk 0:55:47]} 17. Rc2
{[%clk 1:06:11]} Nd6 {[%clk 0:53:32]} 18. Qa1 {[%clk 1:06:10]} f6
{[%clk 0:50:15]} 19. Rd1 {[%clk 1:04:18]} Qe7 {[%clk 0:47:48]} 20. Nh4
{[%clk 0:52:28]} Qf7 {[%clk 0:47:25]} 21. Rcd2 {[%clk 0:51:28]} Ne7
{[%clk 0:40:58]} 22. Bd4 {[%clk 0:50:44]} Nc4 {[%clk 0:38:57]} 23. Rd3
{[%clk 0:48:05]} Nc6 {[%clk 0:36:24]} 24. Bc5 {[%clk 0:45:52]} Rfd8
{[%clk 0:35:03]} 25. f4 {[%clk 0:45:06]} f5 {[%clk 0:32:51]} 26. Nf3
{[%clk 0:42:47]} Qf6 {[%clk 0:27:26]} 27. Nd4 {[%clk 0:38:30]} Nxd4
{[%clk 0:24:25]} 28. Bxd4 {[%clk 0:37:46]} Qf7 {[%clk 0:23:43]} 29. e3
{[%clk 0:36:56]} Rd7 {[%clk 0:20:08]} 30. Bc5 {[%clk 0:32:21]} Rcd8
{[%clk 0:16:11]} 31. Qc3 {[%clk 0:30:51]} Qf6 {[%clk 0:15:37]} 32. Bd4
{[%clk 0:30:12]} Qe7 {[%clk 0:15:12]} 33. Qe1 {[%clk 0:30:04]} b6
{[%clk 0:14:38]} 34. Rc3 {[%clk 0:27:38]} b5 {[%clk 0:13:18]} 35. Qe2
{[%clk 0:27:01]} Qf7 {[%clk 0:12:14]} 36. Bf3 {[%clk 0:27:23]} g6
{[%clk 0:10:05]} 37. Qg2 {[%clk 0:27:13]} h5 {[%clk 0:09:44]} 38. h3
{[%clk 0:27:13]} Rc8 {[%clk 0:07:55]} 39. Kf2 {[%clk 0:25:38]} Qf8
{[%clk 0:05:41]} 40. g4 {[%clk 0:20:18]} hxg4 {[%clk 0:03:14]} 41. hxg4
{[%clk 0:20:46]} fxg4 {[%clk 0:02:45]} 42. Bxg4 {[%clk 0:21:14]} Bxg4
{[%clk 0:02:43]} 43. Qxg4 {[%clk 0:21:43]} Qf5 {[%clk 0:02:34]} 44. Qxf5
{[%clk 0:21:11]} gxf5 {[%clk 0:02:59]} 45. Rg1+ {[%clk 0:21:33]} Kf7
{[%clk 0:02:29]} 46. Rg7+ {[%clk 0:19:29]} Ke6 {[%clk 0:02:52]} 47. Rg6+
{[%clk 0:19:41]} Ke7 {[%clk 0:02:28]} 48. Rxa6 {[%clk 0:16:04]} Rg8
{[%clk 0:01:56]} 49. Rc1 {[%clk 0:15:54]} Nd6 {[%clk 0:01:18]} 50. Bc5
{[%clk 0:15:19]} Rg6 {[%clk 0:01:13]} 51. Rg1 {[%clk 0:15:28]} Rxg1
{[%clk 0:00:44]} 52. Kxg1 {[%clk 0:15:57]} Ke6 {[%clk 0:00:59]} 53. Kf2
{[%clk 0:12:27]} d4 {[%clk 0:00:53]} 54. exd4 {[%clk 0:12:29]} Kd5
{[%clk 0:01:16]} 55. Bxd6 {[%clk 0:07:45]} Rxd6 {[%clk 0:01:41]} 56. Rxd6+
{[%clk 0:07:59]} Kxd6 {[%clk 0:02:08]} 57. Ke3 {[%clk 0:08:09]} Kd5
{[%clk 0:02:09]} 58. Kd3 {[%clk 0:08:34]} Kc6 {[%clk 0:01:10]} 59. Kc3
{[%clk 0:08:33]} Kd5 {[%clk 0:01:35]} 60. Kb3 {[%clk 0:06:53]} Kxd4
{[%clk 0:01:58]} 61. a4 {[%clk 0:07:23]} bxa4+ {[%clk 0:02:05]} 62. Kxa4
{[%clk 0:07:51]} Ke4 {[%clk 0:02:18]} 63. b5 {[%clk 0:08:20]} Kxf4
{[%clk 0:02:32]} 64. b6 {[%clk 0:08:49]} Ke3 {[%clk 0:02:10]} 65. b7
{[%clk 0:09:18]} f4 {[%clk 0:02:34]} 66. b8=Q {[%clk 0:09:46]} f3
{[%clk 0:02:50]} 67. Qb5 {[%clk 0:09:45]} Kf2 {[%clk 0:03:06]} 68. Kb3
{[%clk 0:10:03]} Kg1 {[%clk 0:01:38]} 69. Qg5+ {[%clk 0:10:28]} Kh2
{[%clk 0:00:44]} 70. Qf4+ {[%clk 0:10:40]} Kg2 {[%clk 0:01:06]} 71. Qg4+
{[%clk 0:11:09]} Kf2 {[%clk 0:01:27]} 72. Kc2 {[%clk 0:11:17]} Ke1
{[%clk 0:01:07]} 73. Kd3 {[%clk 0:11:23]} Kf2 {[%clk 0:01:29]} 74. Kd2
{[%clk 0:11:39]} 1-0

[Event "EYCC 2024 - O14"]
[Site "?"]
[Date "2024.08.22"]
[Round "1.8"]
[White "Shykhnenko, Hryhorii"]
[Black "Balint, Peter"]
[Result "0-1"]
[BlackElo "2336"]
[WhiteElo "1925"]
[LiveChessVersion "1.4.8"]

1. d4 {[%clk 1:30:57]} Nf6 {[%clk 1:30:59]} 2. Nf3 {[%clk 1:31:16]} g6
{[%clk 1:31:25]} 3. b4 {[%clk 1:31:14]} Bg7 {[%clk 1:30:12]} 4. Bb2
{[%clk 1:31:35]} O-O {[%clk 1:25:43]} 5. e3 {[%clk 1:30:08]} b6 {[%clk 1:24:45]}
6. Nbd2 {[%clk 1:26:25]} Bb7 {[%clk 1:21:31]} 7. Be2 {[%clk 1:24:57]} d6
{[%clk 1:10:33]} 8. O-O {[%clk 1:24:59]} Nbd7 {[%clk 1:10:10]} 9. c4
{[%clk 1:20:08]} c5 {[%clk 0:59:15]} 10. a3 {[%clk 1:16:13]} Qc7 {[%clk 0:56:19]}
11. Qb3 {[%clk 1:11:24]} Rfe8 {[%clk 0:52:26]} 12. Rfc1 {[%clk 0:57:02]} Rac8
{[%clk 0:51:08]} 13. h3 {[%clk 0:55:50]} cxd4 {[%clk 0:47:54]} 14. Nxd4
{[%clk 0:48:44]} Qb8 {[%clk 0:42:59]} 15. Bf3 {[%clk 0:46:40]} Ne5
{[%clk 0:42:09]} 16. Bxb7 {[%clk 0:46:36]} Qxb7 {[%clk 0:42:31]} 17. N2f3
{[%clk 0:44:44]} Ned7 {[%clk 0:38:36]} 18. Rd1 {[%clk 0:39:29]} a6
{[%clk 0:36:06]} 19. Rac1 {[%clk 0:38:10]} Rc7 {[%clk 0:32:55]} 20. Ne2
{[%clk 0:32:42]} Rec8 {[%clk 0:28:49]} 21. Nf4 {[%clk 0:26:57]} b5
{[%clk 0:14:50]} 22. cxb5 {[%clk 0:24:28]} Rxc1 {[%clk 0:14:30]} 23. Rxc1
{[%clk 0:24:49]} Rxc1+ {[%clk 0:14:54]} 24. Bxc1 {[%clk 0:25:12]} axb5
{[%clk 0:15:16]} 25. Ne2 {[%clk 0:17:31]} Nb6 {[%clk 0:12:21]} 26. Nfd4
{[%clk 0:16:12]} Nbd5 {[%clk 0:04:49]} 27. Nc3 {[%clk 0:15:08]} Nc7
{[%clk 0:04:18]} 28. Qc2 {[%clk 0:11:49]} Nd7 {[%clk 0:03:38]} 29. Qe2
{[%clk 0:09:20]} Bxd4 {[%clk 0:02:50]} 30. exd4 {[%clk 0:09:49]} e6
{[%clk 0:02:17]} 31. Bf4 {[%clk 0:07:28]} Qc6 {[%clk 0:01:43]} 32. Ne4
{[%clk 0:04:48]} e5 {[%clk 0:01:24]} 33. dxe5 {[%clk 0:04:04]} dxe5
{[%clk 0:01:46]} 34. Bh6 {[%clk 0:03:35]} f6 {[%clk 0:01:30]} 35. h4
{[%clk 0:03:03]} Ne6 {[%clk 0:01:14]} 36. Qd3 {[%clk 0:01:58]} Nd4
{[%clk 0:01:19]} 37. Be3 {[%clk 0:00:56]} f5 {[%clk 0:01:13]} 38. Nc3
{[%clk 0:00:40]} Qxc3 {[%clk 0:01:35]} 0-1